Paesi per aerei militari - Statistics

Statistiche generali
  • Questo quiz è stato fatto 244 volte
  • Il punteggio medio è 6 su 15
Statistiche sulle risposte
con Immagini Risposta % Corretto
Stati Uniti
98%
Germania / Regno Unito / Italia / Spagna
89%
Russia
89%
Stati Uniti
53%
Regno Unito
45%
Italia
44%
Cina
42%
Francia
40%
Germania
35%
Giappone
26%
Svezia
26%
Unione Sovietica
13%
Argentina
7%
Iugoslavia / Romania
5%
Cecoslovacchia
2%
Nessun quiz corrispondente trovato
Distribuzione punteggi
Percentuale di utenti per punteggio
Percentile per numero di risposta
I tuoi punteggi nel tempo
Non hai fatto questo quiz